| 000 -LEADER |
| fixed length control field |
00527pab a2200181 454500 |
| 008 - FIXED-LENGTH DATA ELEMENTS--GENERAL INFORMATION |
| fixed length control field |
180718b2008 xxu||||| |||| 00| 0 eng d |
| 100 ## - MAIN ENTRY--PERSONAL NAME |
| Personal name |
Pandey, Sanjay Kumar |
| 245 ## - TITLE STATEMENT |
| Title |
Fiscal arrangements between national and sub-national governments: perspectives from India and Italy |
| 260 ## - PUBLICATION, DISTRIBUTION, ETC. |
| Date of publication, distribution, etc. |
2008 |
| 300 ## - PHYSICAL DESCRIPTION |
| Extent |
p.40-57. |
| 650 ## - SUBJECT ADDED ENTRY--TOPICAL TERM |
| Topical term or geographic name entry element |
Feralism - Italy |
| 650 ## - SUBJECT ADDED ENTRY--TOPICAL TERM |
| Topical term or geographic name entry element |
Federalism - India |
| 650 ## - SUBJECT ADDED ENTRY--TOPICAL TERM |
| Topical term or geographic name entry element |
Federalism |
| 700 ## - ADDED ENTRY--PERSONAL NAME |
| Personal name |
Badriotti, Augusta |
| 773 ## - HOST ITEM ENTRY |
| Main entry heading |
Indian Journal of Federal Studies |
| 908 ## - PUT COMMAND PARAMETER (RLIN) |
| Put command parameter |
N |
| 909 ## - |
| -- |
81039 |